00874nam a22002657a 4500003000500000005001700005008004100022010001000063011001000073035001000083040000900093082001600102100003200118245004800150260007400198300001100272490006500283650002800348650002800376650002700404650004100431650003700472700003400509830006500543CHAP20220817041328.0971013s1986 r 00010 d a11378 a12350 a15444 cCHAP a633.577bM300aMacossay Vallado, Mauricio.1 aTelchac pueblob: una comunidad henequenera aChapingo, Méx. :bUACH. Subdirección de Centros Regionales,c1986 a178 p. aColección cuadernos universitarios Serie agronomíav; 1414aAgriculturaxYucatán.14aAgriculturaxYucatán.14aHenequénxYucatán.14aYucatánxCondiciones económicas.14aYucatánxCondiciones sociales.0 aCastillo B., María Eugenia.0 aColección cuadernos universitarios Serie agronomíav; 14